Household wealth in the euro area (Registro nro. 49532)
[ vista simple ]
| 000 -CABECERA | |
|---|---|
| Longitud fija campo de control | 01233naa a2200313 c 4500 |
| 001 - NÚMERO DE CONTROL | |
| Número de control | 49532 |
| 003 - IDENTIFICADOR DE NÚMERO DE CONTROL | |
| Identificador del número de control | ES-MaCES |
| 005 - FECHA Y HORA DE LA ÚLTIMA TRANSACCIÓN | |
| Fecha y hora de la última transacción | 20170606105756.0 |
| 008 - CAMPO FIJO DE DESCRIPCIÓN FIJA--INFORMACIÓN GENERAL | |
| Códigos de información de longitud fija | 170606s2017 ne ||||| t||||||| ||eng d |
| 040 ## - FUENTE DE CATALOGACIÓN | |
| Centro catalogador de origen | ES-MaCES |
| Lengua de catalogación | spa |
| Centro transcriptor | ES-MaCES |
| Centro modificado | ES-MaCES |
| 100 1# - ENCABEZAMIENTO PRINCIPAL--NOMBRE PERSONAL | |
| 9 (RLIN) | 38258 |
| Nombre de persona | Matha, Thomas Y. |
| 245 10 - MENCIÓN DE TÍTULO | |
| Título | Household wealth in the euro area |
| Resto del título | : the importance of intergenerational transfers, homeownership and house price dynamics |
| Mención de responsabilidad, etc. | Thomas Y. Matha, Alessandro Porpiglia, Michael Ziegelmeyer |
| 500 ## - NOTA GENERAL | |
| Nota general | Resumen |
| 504 ## - NOTA DE BIBLIOGRAFÍA, ETC. | |
| Nota de bibliografía, etc. | Bibliografía: p. 12 |
| 650 #4 - ASIENTO SECUNDARIO DE MATERIA--TÉRMINO DE MATERIA | |
| 9 (RLIN) | 30031 |
| Término de materia o nombre geográfico como elemento inicial | ingreso de los hogares |
| 650 #4 - ASIENTO SECUNDARIO DE MATERIA--TÉRMINO DE MATERIA | |
| 9 (RLIN) | 27109 |
| Término de materia o nombre geográfico como elemento inicial | distribución del ingreso |
| 650 #4 - ASIENTO SECUNDARIO DE MATERIA--TÉRMINO DE MATERIA | |
| 9 (RLIN) | 29375 |
| Término de materia o nombre geográfico como elemento inicial | riqueza |
| 650 #4 - ASIENTO SECUNDARIO DE MATERIA--TÉRMINO DE MATERIA | |
| 9 (RLIN) | 28598 |
| Término de materia o nombre geográfico como elemento inicial | vivienda |
| 650 #4 - ASIENTO SECUNDARIO DE MATERIA--TÉRMINO DE MATERIA | |
| 9 (RLIN) | 31214 |
| Término de materia o nombre geográfico como elemento inicial | bienes inmuebles |
| 650 #4 - ASIENTO SECUNDARIO DE MATERIA--TÉRMINO DE MATERIA | |
| 9 (RLIN) | 27144 |
| Término de materia o nombre geográfico como elemento inicial | propiedad |
| 650 #4 - ASIENTO SECUNDARIO DE MATERIA--TÉRMINO DE MATERIA | |
| 9 (RLIN) | 28889 |
| Término de materia o nombre geográfico como elemento inicial | análisis estadístico |
| 650 #4 - ASIENTO SECUNDARIO DE MATERIA--TÉRMINO DE MATERIA | |
| 9 (RLIN) | 26752 |
| Término de materia o nombre geográfico como elemento inicial | UE |
| 653 10 - TÉRMINO DE INDEXACIÓN--NO CONTROLADO | |
| Término no controlado | Vivienda-Construcción-Urbanismo |
| 700 1# - ENCABEZAMIENTO SECUNDARIO--NOMBRE PERSONAL | |
| 9 (RLIN) | 38259 |
| Nombre de persona | Porpiglia, Alessandro |
| 700 1# - ENCABEZAMIENTO SECUNDARIO--NOMBRE PERSONAL | |
| 9 (RLIN) | 38260 |
| Nombre de persona | Ziegelmeyer, Michael |
| 773 0# - ENTRADA DE DOCUMENTO FUENTE | |
| Itemnumber del ítem fuente | 85970 |
| Lugar, editor y fecha de publicación | Amsterdam (P.O. Box 211, 1000 AE) Elsevier Science |
| Otro identificador del documento | 088868 |
| Título | Journal of housing economics |
| Número de control del registro relacionado | (ES-MaCES)25393 |
| Parte(s) relacionada(s) | vol. 35 (Mar. 2017) {10383 R. 088868} ;p. 1-12 |
| 902 ## - CES. TIPO DE DOCUMENTO | |
| Tipodoc (006$c Sirtex) | ART Artículo de revista |
| 942 ## - ELEMENTOS KOHA | |
| Fuente de clasificaión o esquema | Clasificación propia del CES |
| Koha [por defecto] tipo de item | Artículos (1982-2017) |
| Parte de clasificación | Políticas Sectoriales |
No hay ítems disponibles.
